The science observer code, explanation of the number code (Record no. 375)

MARC details
000 -LEADER
fixed length control field 00677nam a2200205Ia 4500
003 - CONTROL NUMBER IDENTIFIER
control field IN-BaIIA
008 - FIXED-LENGTH DATA ELEMENTS--GENERAL INFORMATION
fixed length control field 211028s9999 xx 000 0 eng d
040 ## - CATALOGING SOURCE
Transcribing agency IIA Library
080 ## - UNIVERSAL DECIMAL CLASSIFICATION NUMBER
Universal Decimal Classification number 521.97
Item number CHA
100 ## - MAIN ENTRY--PERSONAL NAME
Personal name Chandler, S. C.
9 (RLIN) 820
245 #4 - TITLE STATEMENT
Title The science observer code, explanation of the number code
Remainder of title pt.1-3
Statement of responsibility, etc. S. C. Chandler and J. Ritchie
260 ## - PUBLICATION, DISTRIBUTION, ETC.
Place of publication, distribution, etc. Boston
Name of publisher, distributor, etc. Scientific Society
Date of publication, distribution, etc. 1888
300 ## - PHYSICAL DESCRIPTION
Extent 17p.
490 ## - SERIES STATEMENT
Series statement Occasional publication; no. 1
650 ## - SUBJECT ADDED ENTRY--TOPICAL TERM
Topical term or geographic name entry element Astronomy and Astrophysics Thesaurus
650 ## - SUBJECT ADDED ENTRY--TOPICAL TERM
Topical term or geographic name entry element Observer Codes
9 (RLIN) 821
650 ## - SUBJECT ADDED ENTRY--TOPICAL TERM
Topical term or geographic name entry element Observing Techniques
9 (RLIN) 822
700 ## - ADDED ENTRY--PERSONAL NAME
Personal name Ritchie, J.
9 (RLIN) 823
942 ## - ADDED ENTRY ELEMENTS (KOHA)
Koha item type Books
Holdings
Withdrawn status Lost status Damaged status Not for loan Home library Current library Shelving location Date acquired Total Checkouts Full call number Barcode Date last seen Price effective from Koha item type
        IIA Library-Bangalore IIA Library-Kodaikanal General Stacks     521.97/ CHA 368 05/11/2021   Books

Powered by Koha